<?xml version="1.0" encoding="UTF-8"?>
<record
    xmlns:xsi="http://www.w3.org/2001/XMLSchema-instance"
    xsi:schemaLocation="http://www.loc.gov/MARC21/slim http://www.loc.gov/standards/marcxml/schema/MARC21slim.xsd"
    xmlns="http://www.loc.gov/MARC21/slim">

  <leader>02007    a2200313   4500</leader>
  <controlfield tag="003">NALT</controlfield>
  <controlfield tag="005">20250822101712.0</controlfield>
  <controlfield tag="008">220426b        th ||||| |||| 00| 0 tha d</controlfield>
  <datafield tag="020" ind1=" " ind2=" ">
    <subfield code="a">9786161825966</subfield>
  </datafield>
  <datafield tag="040" ind1=" " ind2=" ">
    <subfield code="a">NALT</subfield>
  </datafield>
  <datafield tag="041" ind1="1" ind2=" ">
    <subfield code="a">tha</subfield>
    <subfield code="h">eng</subfield>
  </datafield>
  <datafield tag="050" ind1=" " ind2=" ">
    <subfield code="a">BF 637.I48</subfield>
    <subfield code="b">&#xE0B;132&#xE28; 2564</subfield>
  </datafield>
  <datafield tag="100" ind1="1" ind2=" ">
    <subfield code="a">&#xE0B;&#xE31;&#xE15;&#xE15;&#xE31;&#xE19;, &#xE42;&#xE23;&#xE40;&#xE1A;&#xE34;&#xE23;&#xE4C;&#xE15; &#xE44;&#xE2D;.</subfield>
    <subfield code="9">57905</subfield>
  </datafield>
  <datafield tag="245" ind1=" " ind2=" ">
    <subfield code="a">&#xE28;&#xE34;&#xE25;&#xE1B;&#xE30;&#xE01;&#xE32;&#xE23;&#xE2D;&#xE22;&#xE39;&#xE48;&#xE23;&#xE48;&#xE27;&#xE21;&#xE01;&#xE31;&#xE1A;&#xE04;&#xE19;&#xE40;&#xE2E;&#xE07;&#xE0B;&#xE27;&#xE22; = </subfield>
    <subfield code="b">The asshole survival guide / </subfield>
    <subfield code="c">&#xE42;&#xE23;&#xE40;&#xE1A;&#xE34;&#xE23;&#xE4C;&#xE15; &#xE44;&#xE2D; &#xE0B;&#xE31;&#xE15;&#xE15;&#xE31;&#xE19;, &#xE40;&#xE02;&#xE35;&#xE22;&#xE19; ; &#xE44;&#xE2D;&#xE23;&#xE34;&#xE2A;&#xE32; &#xE0A;&#xE31;&#xE49;&#xE19;&#xE28;&#xE34;&#xE23;&#xE34;, &#xE41;&#xE1B;&#xE25;.</subfield>
  </datafield>
  <datafield tag="246" ind1="3" ind2="1">
    <subfield code="a">The asshole survival guide.</subfield>
  </datafield>
  <datafield tag="250" ind1=" " ind2=" ">
    <subfield code="a">&#xE1E;&#xE34;&#xE21;&#xE1E;&#xE4C;&#xE04;&#xE23;&#xE31;&#xE49;&#xE07;&#xE17;&#xE35;&#xE48; 14.</subfield>
  </datafield>
  <datafield tag="260" ind1=" " ind2=" ">
    <subfield code="a">&#xE01;&#xE23;&#xE38;&#xE07;&#xE40;&#xE17;&#xE1E;&#xE2F; :</subfield>
    <subfield code="b">&#xE2D;&#xE21;&#xE23;&#xE34;&#xE19;&#xE17;&#xE23;&#xE4C;&#xE2E;&#xE32;&#xE27;&#xE17;&#xE39;,</subfield>
    <subfield code="c">2564.</subfield>
  </datafield>
  <datafield tag="300" ind1=" " ind2=" ">
    <subfield code="a">223 &#xE2B;&#xE19;&#xE49;&#xE32; ;</subfield>
    <subfield code="c">21 &#xE0B;&#xE21;.</subfield>
  </datafield>
  <datafield tag="505" ind1="0" ind2=" ">
    <subfield code="a">1. &#xE2D;&#xE35;&#xE40;&#xE21;&#xE25;&#xE41;&#xE1B;&#xE14;&#xE1E;&#xE31;&#xE19;&#xE09;&#xE1A;&#xE31;&#xE1A; -- 2. &#xE1B;&#xE23;&#xE30;&#xE40;&#xE21;&#xE34;&#xE19;&#xE04;&#xE27;&#xE32;&#xE21;&#xE40;&#xE2E;&#xE07;&#xE0B;&#xE27;&#xE22; : &#xE1B;&#xE31;&#xE0D;&#xE2B;&#xE32;&#xE40;&#xE25;&#xE27;&#xE23;&#xE49;&#xE32;&#xE22;&#xE41;&#xE04;&#xE48;&#xE44;&#xE2B;&#xE19; -- 3. &#xE2B;&#xE19;&#xE35;&#xE2D;&#xE2D;&#xE01;&#xE21;&#xE32;&#xE41;&#xE1A;&#xE1A;&#xE2A;&#xE27;&#xE22; &#xE46; -- 4. &#xE27;&#xE34;&#xE18;&#xE35;&#xE2B;&#xE25;&#xE1A;&#xE40;&#xE25;&#xE35;&#xE48;&#xE22;&#xE07;&#xE04;&#xE19;&#xE40;&#xE2E;&#xE07;&#xE0B;&#xE27;&#xE22; : &#xE25;&#xE14;&#xE01;&#xE32;&#xE23;&#xE1E;&#xE1A;&#xE40;&#xE08;&#xE2D; -- 5. &#xE01;&#xE25;&#xE04;&#xE27;&#xE32;&#xE21;&#xE04;&#xE34;&#xE14; &#xE1E;&#xE34;&#xE17;&#xE31;&#xE01;&#xE29;&#xE4C;&#xE08;&#xE34;&#xE15;&#xE27;&#xE34;&#xE0D;&#xE0D;&#xE32;&#xE13;&#xE02;&#xE2D;&#xE07;&#xE04;&#xE38;&#xE13; -- 6. &#xE15;&#xE2D;&#xE1A;&#xE42;&#xE15;&#xE49; -- 7. &#xE08;&#xE07;&#xE21;&#xE35;&#xE2A;&#xE48;&#xE27;&#xE19;&#xE23;&#xE48;&#xE27;&#xE21;&#xE41;&#xE01;&#xE49;&#xE44;&#xE02; &#xE2D;&#xE22;&#xE48;&#xE32;&#xE21;&#xE35;&#xE2A;&#xE48;&#xE27;&#xE19;&#xE2A;&#xE23;&#xE49;&#xE32;&#xE07;&#xE1B;&#xE31;&#xE0D;&#xE32;.</subfield>
  </datafield>
  <datafield tag="650" ind1=" " ind2="4">
    <subfield code="9">4418</subfield>
    <subfield code="a">&#xE01;&#xE32;&#xE23;&#xE14;&#xE33;&#xE40;&#xE19;&#xE34;&#xE19;&#xE0A;&#xE35;&#xE27;&#xE34;&#xE15;</subfield>
  </datafield>
  <datafield tag="650" ind1=" " ind2="4">
    <subfield code="9">31544</subfield>
    <subfield code="a">&#xE04;&#xE27;&#xE32;&#xE21;&#xE02;&#xE31;&#xE14;&#xE41;&#xE22;&#xE49;&#xE07;&#xE23;&#xE30;&#xE2B;&#xE27;&#xE48;&#xE32;&#xE07;&#xE1A;&#xE38;&#xE04;&#xE04;&#xE25;</subfield>
  </datafield>
  <datafield tag="650" ind1=" " ind2="4">
    <subfield code="9">15756</subfield>
    <subfield code="a">&#xE04;&#xE27;&#xE32;&#xE21;&#xE2A;&#xE31;&#xE21;&#xE1E;&#xE31;&#xE19;&#xE18;&#xE4C;&#xE23;&#xE30;&#xE2B;&#xE27;&#xE48;&#xE32;&#xE07;&#xE1A;&#xE38;&#xE04;&#xE04;&#xE25; </subfield>
  </datafield>
  <datafield tag="650" ind1=" " ind2="4">
    <subfield code="9">15758</subfield>
    <subfield code="a">&#xE01;&#xE32;&#xE23;&#xE2A;&#xE37;&#xE48;&#xE2D;&#xE2A;&#xE32;&#xE23;&#xE23;&#xE30;&#xE2B;&#xE27;&#xE48;&#xE32;&#xE07;&#xE1A;&#xE38;&#xE04;&#xE04;&#xE25;</subfield>
  </datafield>
  <datafield tag="700" ind1="1" ind2=" ">
    <subfield code="9">57812</subfield>
    <subfield code="a">Sutton, Robert I.</subfield>
  </datafield>
  <datafield tag="700" ind1="0" ind2=" ">
    <subfield code="a">&#xE44;&#xE2D;&#xE23;&#xE34;&#xE2A;&#xE32; &#xE0A;&#xE31;&#xE49;&#xE19;&#xE28;&#xE34;&#xE23;&#xE34;. </subfield>
    <subfield code="9">43888</subfield>
  </datafield>
  <datafield tag="850" ind1=" " ind2=" ">
    <subfield code="a">NALT</subfield>
  </datafield>
  <datafield tag="942" ind1=" " ind2=" ">
    <subfield code="2">lcc</subfield>
    <subfield code="c">GB</subfield>
  </datafield>
  <datafield tag="999" ind1=" " ind2=" ">
    <subfield code="c">99995</subfield>
    <subfield code="d">99995</subfield>
  </datafield>
  <datafield tag="998" ind1=" " ind2=" ">
    <subfield code="j">1020</subfield>
    <subfield code="k"> &#xE19;&#xE32;&#xE07;&#xE08;&#xE33;&#xE40;&#xE23;&#xE35;&#xE22;&#xE07;  &#xE23;&#xE30;&#xE27;&#xE31;&#xE07;&#xE2A;&#xE33;&#xE42;&#xE23;&#xE07;</subfield>
  </datafield>
  <datafield tag="952" ind1=" " ind2=" ">
    <subfield code="0">0</subfield>
    <subfield code="1">0</subfield>
    <subfield code="2">lcc</subfield>
    <subfield code="4">0</subfield>
    <subfield code="7">0</subfield>
    <subfield code="8">CGBL</subfield>
    <subfield code="a">NALT</subfield>
    <subfield code="b">NALT</subfield>
    <subfield code="c">GEN</subfield>
    <subfield code="d">2022-04-21</subfield>
    <subfield code="e">1</subfield>
    <subfield code="l">13</subfield>
    <subfield code="m">8</subfield>
    <subfield code="o">BF 637.I48 &#xE0B;132&#xE28; 2564</subfield>
    <subfield code="p">3961212680</subfield>
    <subfield code="r">2025-07-09 00:00:00</subfield>
    <subfield code="s">2025-06-25</subfield>
    <subfield code="t">&#xE09;.1</subfield>
    <subfield code="w">2022-04-21</subfield>
    <subfield code="y">GB</subfield>
  </datafield>
  <datafield tag="952" ind1=" " ind2=" ">
    <subfield code="0">0</subfield>
    <subfield code="1">0</subfield>
    <subfield code="2">lcc</subfield>
    <subfield code="4">0</subfield>
    <subfield code="7">0</subfield>
    <subfield code="8">CGBL</subfield>
    <subfield code="a">NALT</subfield>
    <subfield code="b">NALT</subfield>
    <subfield code="c">GEN</subfield>
    <subfield code="d">2022-04-21</subfield>
    <subfield code="e">1</subfield>
    <subfield code="l">9</subfield>
    <subfield code="m">4</subfield>
    <subfield code="o">BF 637.I48 &#xE0B;132&#xE28; 2564</subfield>
    <subfield code="p">3961212681</subfield>
    <subfield code="r">2023-08-22 00:00:00</subfield>
    <subfield code="s">2023-08-18</subfield>
    <subfield code="t">&#xE09;.2</subfield>
    <subfield code="w">2022-04-21</subfield>
    <subfield code="y">GB</subfield>
  </datafield>
</record>
